Largest Cities in Norway - Statistics

General Stats
  • This quiz has been taken 133 times
  • The average score is 6 of 12
Answer Stats
Answer % Correct
Oslo
100%
Bergen
95%
Trondheim
84%
Stavanger
75%
Tromso
68%
Kristiansand
55%
Drammen
43%
Alesund
31%
Fredrikstad
28%
Hammerfest
24%
Longyearbyen
11%
Baerum
9%
No matching quizzes found
Score Distribution
Percent of People with Each Score
Percentile by Number Answered
Your Score History
You have not taken this quiz